000 00277nam a2200085Ia 4500
008 160531s9999 xx 000 0 und d
245 _aAutism: Recognition, Referral and Diagnosis
260 _c2011
856 _uhttp://www.ncbi.nlm.nih.gov/books/NBK92985/pdf/Bookshelf_NBK92985.pdf
999 _c295526
_d295526